000 00628nam a2200181Ia 4500
005 20260429112040.0
008 260429s9999||||xx |||||||||||||| ||und||
020 _a9789391798024
041 _aHindi
082 _a891.433
_bKUM
100 _aकुमार, प्रवीण
245 0 _aहिंदी कथा साहित्य संवेदना और सौंदर्य /
_cप्रवीण कुमार
250 _arev.
260 _aदिल्ली :
_bएकैडमिक पब्लिकेशन,
_c2026.
300 _a174 p.; Hb
650 _aउपन्यास
942 _cTB
999 _c52084
_d52084